1981 1708 1824 1899 1469 1744 1358 1227 1242 1324 1070 1934 1124 1869 1544 1790 1083 1969 1681 1224 1658 1636 1704 1121 1592 1485 1340 1134 1175 1734 1740 1244 1022 1731 1081 1854 1924 1754 1351 1573 1321 1606 1476 1125 1743 1371 1383 1305 1829 1107 1991 1649 1450 1540 1278 1745 1171 1260 1090 1299 1244 1314 1286 1031 1655 1025 1100 1559 1076 1352 1213 1953 1447 1032 1598 1370 1002 1469 1305 1404 1640 1606 1103 1291 1264 1534 1740 1862 1700 1725 1225 1140 1781 1516 1109 1045 1350 1490 1816 BCNSPRNW ULIB Ver.6.0+V

เปลี่ยนเป็นภาษาไทย

Change to English
 แสดงรายละเอียดบรรณานุกรม
  กลับหน้าหลัก

Brief Record : Get Marc (ISO 2709) : E-mail record : QR code < ปิดหน้าต่าง
LEADER : 00000nam 2200000uu 4500
001    13399125411
003     ULIB
008    170526s2558||||th 000 0 tha d
020    ^a9786169197263
060    ^aWS100 ว618P
100    ^aวินัดดา ปิยะศิลป์
245    ^aPediatric Palliative Care
250    ^aพิมพ์ครั้งที่ 1
260    ^aกรุงเทพฯ :^bราชวิทยาลัยกุมารแพทย์แห่งประเทศไทย,^c2558
300    ^a228 หน้า^bภาพประกอบ
650    ^aกุมารเวชศาสตร์
650    ^aเด็กป่วย^xการดูแล
945    ^p350^l0^i24492
945    ^p350^l0^i24494
945    ^p350^l0^i26058
945    ^p350^l0^i26059
945    ^p350^l0^i26060
945    ^p350^l0^i26061
945    ^p350^l0^i26062
999    ^aกัณชพร
รายการนี้ยังไม่มีแท็ก
คุณยังไม่ได้ล็อกอิน คุณสามารถมีกิจกรรมร่วมกับเว็บไซต์ได้ แต่ต้องล็อกอินก่อน ::
  ล็อกอิน

รายการสื่อสารสนเทศ

ลำดับที่ ประเภท เลขเรียก/บาร์โค้ด สถานที่ สถานะ
1. หนังสือสำรอง
หนังสือสำรอง
สถานะ=หนังสือเก่า
WS100 ว618P ฉ.1 
  Barcode: 24492
ห้องสมุดวิทยาเขตนครสวรรค์
►ส่วนจัดเก็บหนังสือเก่า นว.
บนชั้น
  ขอยืม
2. วิทยาศาสตร์การแพทย์ และสุขภาพ
วิทยาศาสตร์การแพทย์ และสุขภาพ
สถานะ=หนังสือเก่า
WS100 ว618P ฉ.2 
  Barcode: 24494
ห้องสมุดวิทยาเขตนครสวรรค์
►ส่วนจัดเก็บหนังสือเก่า นว.
บนชั้น
  ขอยืม
3. วิทยาศาสตร์การแพทย์ และสุขภาพ
วิทยาศาสตร์การแพทย์ และสุขภาพ
สถานะ=หนังสือเก่า
WS100 ว618P ฉ.3 
  Barcode: 26058
ห้องสมุดวิทยาเขตนครสวรรค์
►ส่วนจัดเก็บหนังสือเก่า นว.
บนชั้น
  ขอยืม
4. วิทยาศาสตร์การแพทย์ และสุขภาพ
วิทยาศาสตร์การแพทย์ และสุขภาพ
สถานะ=หนังสือเก่า
WS100 ว618P ฉ.4 
  Barcode: 26059
ห้องสมุดวิทยาเขตนครสวรรค์
►ส่วนจัดเก็บหนังสือเก่า นว.
บนชั้น
  ขอยืม
5. วิทยาศาสตร์การแพทย์ และสุขภาพ
วิทยาศาสตร์การแพทย์ และสุขภาพ
สถานะ=หนังสือเก่า
WS100 ว618P ฉ.5 
  Barcode: 26060
ห้องสมุดวิทยาเขตนครสวรรค์
►ส่วนจัดเก็บหนังสือเก่า นว.
บนชั้น
  ขอยืม
6. วิทยาศาสตร์การแพทย์ และสุขภาพ
วิทยาศาสตร์การแพทย์ และสุขภาพ
สถานะ=หนังสือเก่า
WS100 ว618P ฉ.6 
  Barcode: 26061
ห้องสมุดวิทยาเขตนครสวรรค์
►ส่วนจัดเก็บหนังสือเก่า นว.
บนชั้น
  ขอยืม
7. วิทยาศาสตร์การแพทย์ และสุขภาพ
วิทยาศาสตร์การแพทย์ และสุขภาพ
สถานะ=หนังสือเก่า
WS100 ว618P ฉ.7 
  Barcode: 26062
ห้องสมุดวิทยาเขตนครสวรรค์
►ส่วนจัดเก็บหนังสือเก่า นว.
บนชั้น
  ขอยืม

รายการใกล้เคียง
    ชื่อเรื่อง [Pediatric Palliative Care]

    ผู้แต่ง [วินัดดา ปิยะศิลป์]

    หัวเรื่อง [กุมารเวชศาสตร์]

BibComment


ยังไม่เคยถูกคอมเมนท์

คอมเมนท์ทรัพยากรรายการนี้
  คอมเมนท์: Pediatric Pallia..


 Copyright 2026. Bcnsprnw @Library